000 00367nam a2200133Ia 4500
008 231129s1997||||xx |||||||||||||| ||spa||
020 _a958-9490-12-3
082 _aER- 514
100 _aRamí­rez Bedoya Alfonso
245 0 _aMarsella y sus historias
260 _c1997
264 _aPereira: Papiro 1997
942 _2ddc
_cBKS
999 _c20691
_d20691